Jewels of the Nile : ancient Egyptian treasures from the Worcester Art Museum /

محفوظ في:

المؤلفون الرئيسيون: Lacovara, Peter (مؤلف), Markowitz, Yvonne J. (مؤلف)

مؤلف مشترك: Worcester Art Museum.

مؤلفون آخرون: D'Auria, Sue (المحرر), Artal-Isbrand, Paula (مساهم), Mysak, Erin (مساهم), Newman, Richard (مساهم)

التنسيق: كتاب

منشور في: Worcester, Massachusetts : Worcester Art Museum, in association with D Giles Limited, [2020].

الموضوعات:

الوسوم: إضافة وسم

لا توجد وسوم, كن أول من يضع وسما على هذه التسجيلة!

رقم الطلب: N5350 .L33 2020

LEADER 01927nam a22003137a 4500
005 20260201074743.0
008 010226t20202020maua 001 0 eng d d
020 |a 9780578689197 
040 |c ARCE Library 
050 1 4 |a N5350  |b .L33 2020 
100 1 |a Lacovara, Peter,   |e author 
245 1 0 |a Jewels of the Nile :   |b ancient Egyptian treasures from the Worcester Art Museum /   |c Peter Lacovara and Yvonne J. Markowitz ; edited by Sue D'Auria ; with contributions by Paula Artal-Isbrand, Erin R. Mysak, and Richard Newman.  
260 1 |a Worcester, Massachusetts :   |b Worcester Art Museum, in association with D Giles Limited,   |c [2020]. 
300 |a 216 pages ;   |c 29 cm. 
500 |a Accompanies an exhibition of the same name held at the Worcester Art Museum, June 18, 2022-January 29, 2023. 
504 |a Includes bibliographical references (pages 196-198) and index.  
505 |a Machine generated contents note: A Brief History Of Ancient Egypt / Peter Lacovara --Laura Norcross Marrs: Traveler, Collector, And Philanthropist / Peter Lacovara --Jewels Of The Nile / Yvonne J. Markowitz -- Conservation, Technique, And Research / Paula Artal-Isbrand -- Catalogue -- Amulets / Yvonne J. Markowitz -- The Sacred Beetle / Yvonne J. Markowitz -- Ancient Egyptian Jewelry / Yvonne J. Markowitz -- Cosmetics / Peter Lacovara -- Funerary Art / Peter Lacovara -- Analysis Of Egyptian Plaquette Mounted As A Brooch / Richard Newman. 
610 2 0 |a Worcester Art Museum.  
650 0 |a Art, Ancient   |z Egypt   |v Exhibitions. 
650 0 |a Art, Egyptian   |v Exhibitions. 
650 0 |a Art   |z Massachusetts   |z Worcester   |v Exhibitions. 
700 1 |a Markowitz, Yvonne J.,   |e author. 
700 1 |a D'Auria, Sue,   |e editor.  
700 1 |a Artal-Isbrand, Paula,   |e contributor. 
700 1 |a Mysak, Erin,   |e contributor. 
700 1 |a Newman, Richard,   |e contributor. 
710 2 |a Worcester Art Museum.  
942 |2 lcc  |c BK 
999 |c 37198  |d 37198